"Скалярное" магнитное поле противотложения солей: новые технологии в водоподготовке; Промышленная и экологическая безопасность, охрана труда; № 104 (7)
| Parent link: | Промышленная и экологическая безопасность, охрана труда: производственно-технический журнал.— , 2006- № 104 (7).— 2015.— [С. 20-21] |
|---|---|
| Päätekijä: | |
| Yhteenveto: | Заглавие с титульного экрана Использование воды из природных источников в качестве рабочего тела и теплоносителя в ЖКХ, энергетике и промышленности связано с необходимостью ее очистки от механических примесей и солей (особенно солей жесткости), образующих отложения на поверхностях теплообмена и в трубопроводах. Особенно этот вопрос становится актуальным в регионах, где вода из естественных источников отличается высоким уровнем жесткости. А иногда проблема усугубляется негативными изменениями состава воды, связанными в том числе и с хозяйственной деятельностью человека. Режим доступа: по договору с организацией-держателем ресурса |
| Kieli: | venäjä |
| Julkaistu: |
2015
|
| Sarja: | Экология |
| Aiheet: | |
| Linkit: | http://prominf.ru/article/skalyarnoe-magnitnoe-pole-protiv-otlozheniya-soley-novye-tehnologii-v-vodopodgotovke |
| Aineistotyyppi: | MixedMaterials Elektroninen Kirjan osa |
| KOHA link: | https://koha.lib.tpu.ru/cgi-bin/koha/opac-detail.pl?biblionumber=644005 |
MARC
| LEADER | 00000naa0a2200000 4500 | ||
|---|---|---|---|
| 001 | 644005 | ||
| 005 | 20250606152945.0 | ||
| 035 | |a (RuTPU)RU\TPU\network\9033 | ||
| 090 | |a 644005 | ||
| 100 | |a 20151023d2015 k y0rusy50 ca | ||
| 101 | 0 | |a rus | |
| 102 | |a RU | ||
| 135 | |a drcn ---uucaa | ||
| 181 | 0 | |a i | |
| 182 | 0 | |a b | |
| 200 | 1 | |a "Скалярное" магнитное поле противотложения солей: новые технологии в водоподготовке |f П. В. Носов | |
| 203 | |a Текст |c электронный | ||
| 225 | 1 | |a Экология | |
| 300 | |a Заглавие с титульного экрана | ||
| 330 | |a Использование воды из природных источников в качестве рабочего тела и теплоносителя в ЖКХ, энергетике и промышленности связано с необходимостью ее очистки от механических примесей и солей (особенно солей жесткости), образующих отложения на поверхностях теплообмена и в трубопроводах. Особенно этот вопрос становится актуальным в регионах, где вода из естественных источников отличается высоким уровнем жесткости. А иногда проблема усугубляется негативными изменениями состава воды, связанными в том числе и с хозяйственной деятельностью человека. | ||
| 333 | |a Режим доступа: по договору с организацией-держателем ресурса | ||
| 461 | |t Промышленная и экологическая безопасность, охрана труда |o производственно-технический журнал |d 2006- | ||
| 463 | |t № 104 (7) |v [С. 20-21] |d 2015 | ||
| 610 | 1 | |a труды учёных ТПУ | |
| 610 | 1 | |a электронный ресурс | |
| 610 | 1 | |a импортозамещение | |
| 610 | 1 | |a инновации | |
| 610 | 1 | |a экологическая безопасность | |
| 610 | 1 | |a котлонадзор | |
| 700 | 1 | |a Носов |b П. В. |c специалист в области научно-технической информации |c инженер Томского политехнического университета |f 1979- |g Павел Викторович |3 (RuTPU)RU\TPU\pers\35155 | |
| 801 | 2 | |a RU |b 63413507 |c 20151023 |g RCR | |
| 850 | |a 63413507 | ||
| 856 | 4 | |u http://prominf.ru/article/skalyarnoe-magnitnoe-pole-protiv-otlozheniya-soley-novye-tehnologii-v-vodopodgotovke | |
| 942 | |c CF | ||